| 000 | 01419cam a22002054a 4500 | ||
|---|---|---|---|
| 005 | 20250605164138.0 | ||
| 008 | 250528s ||||||||||||||||||||||||d | ||
| 035 | _a18844 | ||
| 020 | _a195050894 | ||
| 040 |
_aGR-AtMCL _bgre _dGR-AtMCL _eAACR2 |
||
| 245 | 1 | _aBroadcasting Finance in Transition / A Comparative Handbook | |
| 260 |
_bOxford University Press, _c1991 |
||
| 300 | _a450 | ||
| 520 | _aPolicy Issues, Broadcasting Finance in Turmoil: An Introduction, The Economics of Broadcasting, Purity or Pragmatism: A Cross-Cultural Perspective on Public Service Broadcasting, The Organization and Financing of National Broadcasting Systems, Television in the United States: Funding Sources and Programming Consequences, British Television: A Mixed Economy, Broadcasting Structure and Finance: The Netherlands, Politics and Culture and Technology: The Holy Trinity of Canadian Broadcasting, Problems of Structure and Finance and Program Quality in the French Audio-Visual System, Broadcasting in Italy, Television in Sweden: Position and Prospects, Funding Down Under: The Australasian Experience, Approaches to Policy Solutions, The Electronic Dilemma of Television Adverising, Regulatory and Financial Issues in Transfrontier Television in Europe, Afterword: Recent Developments, Index. | ||
| 700 | 1 |
_aBlumler Jay G. _9619 |
|
| 700 | 1 |
_aNossiter T.J _95112 |
|
| 942 | _cBK | ||
| 999 |
_c4154 _d4154 |
||